Teoría cuántica y el cisma en física / (Record no. 121370)

MARC details
000 -LEADER
campo de control de longitud fija 00839nam a2200229 4500
001 - NÚMERO DE CONTROL
campo de control 121370
003 - IDENTIFICADOR DE NÚMERO DE CONTROL
campo de control ES-MaACL
005 - FECHA Y HORA DE LA ÚLTIMA TRANSACCIÓN
campo de control 20230906191737.0
007 - CAMPO FIJO DE DESCRIPCIÓN FÍSICA--INFORMACIÓN GENERAL
campo de control de longitud fija t|
008 - DATOS DE LONGITUD FIJA--INFORMACIÓN GENERAL
campo de control de longitud fija 070214s1985 sp r ||||1| spa d
020 ## - NÚMERO INTERNACIONAL ESTÁNDAR DEL LIBRO
Número Internacional Estándar del Libro 84-309-1200-2
100 1# - ENTRADA PRINCIPAL--NOMBRE DE PERSONA
Nombre de persona Popper, Karl Raimund.
9 (RLIN) 93108
245 10 - MENCIÓN DEL TÍTULO
Título Teoría cuántica y el cisma en física /
Mención de responsabilidad, etc. Karl R. Popper ; edición preparada por W. W. Bartley III ; traducción de Marta Sansigre Vidal.
260 ## - PUBLICACIÓN, DISTRIBUCIÓN, ETC.
Lugar de publicación, distribución, etc. Madrid :
Nombre del editor, distribuidor, etc. Tecnos,
Fecha de publicación, distribución, etc. 1985.
300 ## - DESCRIPCIÓN FÍSICA
Extensión 239 p. ;
Dimensiones 22 cm.
490 1# - MENCIÓN DE SERIE
Mención de serie Post scriptum a la lógica de la investigación científica ;
Designación de volumen o secuencia 3
700 1# - ENTRADA AGREGADA--NOMBRE PERSONAL
Nombre de persona Bartley III, W. W.
9 (RLIN) 26144
700 1# - ENTRADA AGREGADA--NOMBRE PERSONAL
Nombre de persona Sansigre Vidal, Marta.
9 (RLIN) 103218
830 0# - PUNTO DE ACCESO ADICIONAL DE SERIE-TÍTULO UNIFORME
Título uniforme Post scriptum a la lógica de la investigación científica ;
Designación de volumen o secuencia 3
9 (RLIN) 186503
852 ## - LOCALIZACIÓN
Ubicación ES-MaACL
Número de control de estantería L-9845
Sublocalización o colección R.111988
Holdings
Estatus retirado Estado de pérdida Estado de daño No para préstamo Biblioteca de origen Biblioteca actual Ubicación en estantería Fecha de adquisición Fuente de adquisición Total de préstamos Signatura topográfica completa Código de barras Visto por última vez Precio de reemplazo Tipo de ítem Koha
        Biblioteca del Ateneo de Madrid Biblioteca del Ateneo de Madrid Depósito 2 17/01/2008     L-9845 1126489 23/02/2023 23/02/2023 Libro impreso